000 00724nam a2200241 i 4500
001 16680
003 ES-MaACL
005 20250804062609.0
007 t|
008 001025s2000 sp |||| | spa d
020 _a84-397-0566-2
080 _a821.134.2-31"18"
100 1 _aPérez Galdós, Benito,
_d1843-1920
_990871
245 1 0 _aTristana /
_cBenito Pérez Galdós ; [con una carta de Alicia Giménez Bartlett].
250 _a1ª ed.
260 _aBarcelona :
_bMondadori,
_c2000.
300 _a246 p. ;
_c26 cm.
490 1 _aPerfiles, letra grande XL
700 1 _aGiménez Bartlett, Alicia.
_957033
830 0 _aPerfiles, letra grande XL
_9180018
852 _aES-MaACL
_jL-23896
999 _c16680
_d16680